| 000 | 00801 a2200253 4500 | ||
|---|---|---|---|
| 001 | 200043595 | ||
| 999 |
_c200043595 _d34609 |
||
| 003 | TR-AnTOB | ||
| 005 | 20230911100709.0 | ||
| 020 | _a006019314x | ||
| 040 | _aTR-AnTOB | ||
| 041 | _aeng | ||
| 050 | 0 | 0 |
_aDS889.8 _b.B59 2000 |
| 090 | _aDS889.8 .B59 2000 | ||
| 100 | 1 |
_aBix, Herbert P. _978775 |
|
| 245 | 1 | 0 |
_aHirohito and the making of modern Japan / _cHerbert P. Bix. |
| 264 | 1 |
_aNew York, NY : _bHarperCollinsPublishers, _cc2000. |
|
| 300 |
_axi, 800 p., [16] p. of plates : _bill., maps ; _c25 cm. |
||
| 504 | _aIncludes bibliographical references and index. | ||
| 600 | 0 | 0 |
_aHirohito, _cEmperor of Japan, _d1901-1989 _978776 |
| 650 | 0 |
_aEmperors _zJapan _vBiography _978777 |
|
| 651 | 0 |
_aJapan _xHistory _yShōwa period, 1926-1989 _978778 |
|
| 942 | _cBK | ||